Normal view
MARC view
Entry Personal Name
001 - CONTROL NUMBER
- control field: 73816
003 - CONTROL NUMBER IDENTIFIER
- control field: dpl
005 - DATE AND TIME OF LATEST TRANSACTION
- control field: 20241108142311.0
008 - FIXED-LENGTH DATA ELEMENTS
- fixed length control field: 241108|| aca||aabn | a|a d
040 ## - CATALOGING SOURCE
- Original cataloging agency: dpl
- Transcribing agency: dpl
100 ## - HEADING--PERSONAL NAME
- Personal name: Agrawala, Dinesh Kumar
670 ## - SOURCE DATA FOUND
- Source citation: Work cat.: (dpl)206935: Bibliography and Abstracts of Papers in Flora of Uttar Pradesh and Uttarakhand/
